| 000 | 00000nam 2200000za 4500 |
| 001 | 9.843693 |
| 003 | CaOODSP |
| 005 | 20221107152559 |
| 007 | cr ||||||||||| |
| 008 | 170914s1966 onc |o f|0| 0 eng d |
| 040 | |aCaOODSP|beng |
| 043 | |an-cn--- |
| 086 | 1 |aCS62-523/1966E-PDF |
| 245 | 00|aFarm family living expenditure, 1958 |h[electronic resource]. |
| 260 | |aOttawa : |bDominion Bureau of Statistics, |c1966. |
| 300 | |a78 p. |
| 500 | |aDigitized edition from print [produced by Statistics Canada]. |
| 520 | |a"This publication contains information on expenditures made for commodities and services used for family living purposes by families of farm operators"--Preface. |
| 692 | 07|2gccst|aExpenditures |
| 692 | 07|2gccst|aEconomic conditions |
| 692 | 07|2gccst|aFarms |
| 710 | 1 |aCanada. |bDominion Bureau of Statistics.|bPrices Division. |
| 856 | 40|qPDF|s16.49 MB|uhttps://publications.gc.ca/collections/collection_2017/statcan/CS62-523-1966-eng.pdf |
| 986 | |a62-523 |